000 00936nam a2200313 i 4500
003 EG-GICUC
005 20260121101327.0
008 251120s1965 enk||||fr|||| 001 0 eng d
040 _aEG-GiCUC
_beng
_cEG-GiCUC
_dEG-GiCUC
_erda
041 _aeng
082 0 4 _221
_a338.91
_bHI.D
092 0 4 _221
099 _aLaw1 13 338.91 HI.D 1965
100 1 _aHicks , Ursula K.
_eAuthor.
245 _aDevelopment Finance Planning and Control /
_cUrsula K. Hicks .
264 _aOxford :
_bClarendon Press ,
_c1965 .
300 _a187 pages ,
_c24 cm
336 _2rda content
_atext
337 _2rda media
_aComputer
338 _2rda carrier
_aOnline Resource
500 _aIncludes Index Pages : 185-187.
546 _aText in English
650 1 _aEconomy
650 1 _aDevelopment Finance
651 1 _2qrmak
856 4 0 _uhttps://fll.law.cu.edu.eg/fulltext/bks/B13-05049.pdf
905 _a60
942 _2ddc
_cBK
_e21
_n0
999 _c45047
_d45047